00532nam a2200181Ia 450000500170000000800410001702000150005808200130007310000240008624500310011025000080014126000510014930000130020065000170021394200060023095200990023699900150033520250311084319.0240331s9999 xx 000 0 und d a8123400632 bBALa894 aBalathandayutham, K 0aIlakkiyathil manitha neyam a3rd aChennaibNew Centuary Book House Pvt Ltdc1992 a122 p ., aTamil Essays cL 001040708LaWERCLbWERCLcSSCd2024-03-31l0o 894.811 BALp2038r2024-03-31w2024-03-31yL c3851d3851